[Event "IMP Mezczyzn do lat 20"]
[Site "Chotowa"]
[Date "2023.10.31"]
[Round "4.14"]
[White "Zieba, Hubert"]
[Black "Suska, Szymon"]
[Result "0-1"]
[BlackElo "2040"]
[WhiteElo "1805"]
[LiveChessVersion "1.4.8"]

1. Nf3 {[%clk 1:30:58]} d5 {[%clk 1:30:49]} 2. g3 {[%clk 1:31:24]} Nf6
{[%clk 1:31:15]} 3. Bg2 {[%clk 1:31:51]} e6 {[%clk 1:31:41]} 4. O-O
{[%clk 1:32:15]} Be7 {[%clk 1:32:07]} 5. d4 {[%clk 1:32:42]} O-O {[%clk 1:32:32]}
6. c4 {[%clk 1:33:09]} c6 {[%clk 1:32:57]} 7. b3 {[%clk 1:33:12]} Nbd7
{[%clk 1:33:22]} 8. Bb2 {[%clk 1:33:28]} b6 {[%clk 1:32:45]} 9. Nbd2
{[%clk 1:33:38]} Bb7 {[%clk 1:32:50]} 10. Qc2 {[%clk 1:32:36]} Re8
{[%clk 1:32:34]} 11. e4 {[%clk 1:27:02]} dxe4 {[%clk 1:31:53]} 12. Nxe4
{[%clk 1:27:12]} Nxe4 {[%clk 1:32:12]} 13. Qxe4 {[%clk 1:27:37]} Qc7
{[%clk 1:30:08]} 14. Rad1 {[%clk 1:20:29]} c5 {[%clk 1:18:40]} 15. Qe2
{[%clk 1:07:38]} Bf6 {[%clk 1:15:41]} 16. dxc5 {[%clk 1:05:43]} bxc5
{[%clk 1:06:42]} 17. Bxf6 {[%clk 1:05:18]} Nxf6 {[%clk 1:07:06]} 18. Qe5
{[%clk 1:03:14]} Qa5 {[%clk 1:03:20]} 19. Qb2 {[%clk 0:46:16]} Bxf3
{[%clk 1:02:11]} 20. Bxf3 {[%clk 0:46:03]} Rad8 {[%clk 1:02:34]} 21. a3
{[%clk 0:41:07]} Qc7 {[%clk 0:56:25]} 22. Rxd8 {[%clk 0:39:14]} Rxd8
{[%clk 0:56:31]} 23. Rd1 {[%clk 0:39:07]} Rxd1+ {[%clk 0:56:53]} 24. Bxd1
{[%clk 0:39:33]} h6 {[%clk 0:55:14]} 25. Bc2 {[%clk 0:36:51]} e5 {[%clk 0:54:17]}
26. b4 {[%clk 0:35:49]} e4 {[%clk 0:51:12]} 27. bxc5 {[%clk 0:35:49]} Qxc5
{[%clk 0:50:43]} 28. Qb4 {[%clk 0:36:11]} Qg5 {[%clk 0:47:49]} 29. Qe1
{[%clk 0:22:48]} Qe5 {[%clk 0:45:33]} 30. Qe3 {[%clk 0:22:41]} h5
{[%clk 0:43:01]} 31. h4 {[%clk 0:20:40]} g6 {[%clk 0:38:43]} 32. Qxa7
{[%clk 0:18:10]} Qc3 {[%clk 0:36:50]} 33. Qb8+ {[%clk 0:18:05]} Kg7
{[%clk 0:36:26]} 34. Qb3 {[%clk 0:18:23]} Qd2 {[%clk 0:32:46]} 35. Bd1
{[%clk 0:10:19]} e3 {[%clk 0:30:28]} 36. Qxe3 {[%clk 0:10:39]} Qxd1+
{[%clk 0:30:50]} 37. Kg2 {[%clk 0:11:02]} Ng4 {[%clk 0:28:37]} 38. Qc3+
{[%clk 0:10:44]} Kh7 {[%clk 0:28:06]} 39. Qf3 {[%clk 0:10:30]} Qd7
{[%clk 0:27:56]} 40. Qd5 {[%clk 0:39:26]} Qe7 {[%clk 0:57:41]} 41. c5
{[%clk 0:39:06]} Nf6 {[%clk 0:57:58]} 42. Qc4 {[%clk 0:39:13]} Nd7
{[%clk 0:56:05]} 43. c6 {[%clk 0:38:56]} Ne5 {[%clk 0:56:17]} 44. Qb5
{[%clk 0:38:44]} Qd6 {[%clk 0:55:53]} 45. Qb7 {[%clk 0:38:16]} Qd5+
{[%clk 0:56:14]} 46. Kg1 {[%clk 0:38:35]} Nxc6 {[%clk 0:55:23]} 47. a4
{[%clk 0:38:58]} Qe6 {[%clk 0:53:32]} 48. Qb6 {[%clk 0:38:56]} Qe1+
{[%clk 0:53:23]} 49. Kh2 {[%clk 0:39:05]} Ne5 {[%clk 0:53:26]} 50. a5
{[%clk 0:38:58]} Qf1 {[%clk 0:53:41]} 51. g4 {[%clk 0:39:09]} hxg4
{[%clk 0:51:49]} 52. Kg3 {[%clk 0:39:24]} Qh3+ {[%clk 0:50:50]} 53. Kf4
{[%clk 0:39:48]} Nd3+ {[%clk 0:50:27]} 54. Kg5 {[%clk 0:39:56]} Qf3
{[%clk 0:48:33]} 55. Qf6 {[%clk 0:40:02]} Qd5+ {[%clk 0:47:16]} 56. Kxg4
{[%clk 0:40:20]} Qg2# {[%clk 0:47:39]} 0-1

[Event "IMP Mezczyzn do lat 20"]
[Site "Chotowa"]
[Date "2023.10.31"]
[Round "4.15"]
[White "Mocko, Maciej"]
[Black "Pancewicz, Szymon"]
[Result "0-1"]
[BlackElo "1853"]
[WhiteElo "1862"]
[LiveChessVersion "1.4.8"]

1. e4 {[%clk 1:30:10]} c6 {[%clk 1:27:59]} 2. d4 {[%clk 1:30:12]} d5
{[%clk 1:28:21]} 3. e5 {[%clk 1:30:38]} Bf5 {[%clk 1:28:44]} 4. h4
{[%clk 1:31:00]} h5 {[%clk 1:29:02]} 5. Bd3 {[%clk 1:31:22]} Bxd3
{[%clk 1:29:17]} 6. Qxd3 {[%clk 1:31:49]} e6 {[%clk 1:29:18]} 7. Nf3
{[%clk 1:29:51]} Qa5+ {[%clk 1:29:13]} 8. Nbd2 {[%clk 1:30:12]} Nh6
{[%clk 1:26:50]} 9. O-O {[%clk 1:30:15]} Nf5 {[%clk 1:25:55]} 10. c4
{[%clk 1:29:51]} Be7 {[%clk 1:22:56]} 11. g3 {[%clk 1:26:44]} O-O
{[%clk 1:20:24]} 12. b3 {[%clk 1:24:19]} Qa6 {[%clk 1:17:28]} 13. Rd1
{[%clk 1:24:17]} c5 {[%clk 1:09:08]} 14. Qc2 {[%clk 1:15:34]} Rd8
{[%clk 0:57:42]} 15. Bb2 {[%clk 1:11:10]} cxd4 {[%clk 0:53:39]} 16. Nxd4
{[%clk 1:09:52]} Nxd4 {[%clk 0:53:16]} 17. Bxd4 {[%clk 1:10:20]} Nc6
{[%clk 0:53:07]} 18. Bb2 {[%clk 1:09:05]} Rac8 {[%clk 0:48:49]} 19. Rac1
{[%clk 1:06:07]} Nb4 {[%clk 0:46:19]} 20. Qb1 {[%clk 1:05:08]} Nxa2
{[%clk 0:44:58]} 21. Rc2 {[%clk 1:02:52]} Nb4 {[%clk 0:43:07]} 22. Rc3
{[%clk 1:02:45]} d4 {[%clk 0:37:29]} 23. Rf3 {[%clk 1:01:33]} Qc6
{[%clk 0:29:48]} 24. Ne4 {[%clk 0:56:25]} d3 {[%clk 0:27:35]} 25. Rf4
{[%clk 0:52:31]} b5 {[%clk 0:24:14]} 26. Rd2 {[%clk 0:51:10]} bxc4
{[%clk 0:21:12]} 27. bxc4 {[%clk 0:50:47]} a5 {[%clk 0:18:01]} 28. Qd1
{[%clk 0:51:13]} g6 {[%clk 0:16:46]} 29. g4 {[%clk 0:50:29]} hxg4
{[%clk 0:14:35]} 30. Qxg4 {[%clk 0:50:49]} Kg7 {[%clk 0:13:08]} 31. Ng5
{[%clk 0:47:48]} Bxg5 {[%clk 0:10:18]} 32. Qxg5 {[%clk 0:47:58]} Rd7
{[%clk 0:10:12]} 33. Qf6+ {[%clk 0:46:37]} Kh7 {[%clk 0:09:35]} 34. Bd4
{[%clk 0:31:14]} Rg8 {[%clk 0:03:40]} 35. f3 {[%clk 0:30:43]} Nd5
{[%clk 0:03:17]} 36. Qg5 {[%clk 0:24:11]} Nxf4 {[%clk 0:03:23]} 37. Qxf4
{[%clk 0:24:09]} Qxc4 {[%clk 0:03:05]} 38. Rxd3 {[%clk 0:24:24]} Qxd3
{[%clk 0:02:32]} 39. Be3 {[%clk 0:24:53]} Rg7 {[%clk 0:02:19]} 40. Qh6+
{[%clk 0:55:01]} Kg8 {[%clk 0:32:44]} 41. Bg5 {[%clk 0:55:14]} Rh7 0-1

[Event "IMP Mezczyzn do lat 20"]
[Site "Chotowa"]
[Date "2023.10.31"]
[Round "4.16"]
[White "Marciniak, Leonard"]
[Black "Labedz, Dawid"]
[Result "1-0"]
[BlackElo "1579"]
[WhiteElo "1856"]
[LiveChessVersion "1.4.8"]

1. d4 {[%clk 1:30:53]} f5 {[%clk 1:30:29]} 2. Nc3 {[%clk 1:31:18]} Nf6
{[%clk 1:30:12]} 3. Bg5 {[%clk 1:31:37]} e6 {[%clk 1:28:13]} 4. e4
{[%clk 1:32:02]} fxe4 {[%clk 1:28:02]} 5. Nxe4 {[%clk 1:31:44]} Be7
{[%clk 1:28:00]} 6. Bxf6 {[%clk 1:31:58]} Bxf6 {[%clk 1:28:18]} 7. Nf3
{[%clk 1:32:17]} Nc6 {[%clk 1:26:56]} 8. c3 {[%clk 1:32:08]} b6 {[%clk 1:22:49]}
9. Bd3 {[%clk 1:32:32]} Bb7 {[%clk 1:22:21]} 10. Qe2 {[%clk 1:32:04]} a5
{[%clk 1:18:25]} 11. d5 {[%clk 1:29:10]} Na7 {[%clk 0:59:46]} 12. dxe6
{[%clk 1:28:14]} d5 {[%clk 0:52:38]} 13. Ng3 {[%clk 1:15:26]} Qe7
{[%clk 0:45:22]} 14. Nf5 {[%clk 1:12:49]} Qc5 {[%clk 0:43:13]} 15. Ne5
{[%clk 1:10:12]} Bxe5 {[%clk 0:33:18]} 16. Qxe5 {[%clk 1:10:22]} O-O-O
{[%clk 0:33:43]} 17. O-O {[%clk 1:01:43]} Nc6 {[%clk 0:31:30]} 18. Qxg7
{[%clk 0:58:25]} Rhg8 {[%clk 0:29:17]} 19. Qxh7 {[%clk 0:40:17]} Rh8
{[%clk 0:26:41]} 20. Qg7 {[%clk 0:40:05]} Rdg8 {[%clk 0:24:19]} 21. Qf6
{[%clk 0:37:46]} Rf8 {[%clk 0:22:45]} 22. Qg5 {[%clk 0:36:03]} Rfg8
{[%clk 0:19:19]} 23. Qf4 {[%clk 0:29:28]} Ne5 {[%clk 0:14:51]} 24. Ne7+
{[%clk 0:17:14]} Qxe7 {[%clk 0:06:49]} 25. Qxe5 {[%clk 0:17:38]} Rh4
{[%clk 0:06:55]} 26. Bf5 {[%clk 0:13:18]} Bc6 {[%clk 0:04:15]} 27. f3
{[%clk 0:12:02]} Qg5 {[%clk 0:03:12]} 28. g4 {[%clk 0:09:32]} d4 {[%clk 0:02:34]}
29. e7+ {[%clk 0:08:53]} Kb8 {[%clk 0:02:58]} 30. cxd4 {[%clk 0:06:41]} Rh3
{[%clk 0:00:54]} 31. d5 {[%clk 0:05:08]} Bd7 {[%clk 0:01:00]} 32. Rae1
{[%clk 0:01:41]} Bxf5 {[%clk 0:00:38]} 33. e8=Q+ {[%clk 0:01:48]} Rxe8
{[%clk 0:00:56]} 34. Qxe8+ {[%clk 0:02:12]} Ka7 {[%clk 0:01:01]} 35. Qe5
{[%clk 0:02:06]} Qd2 {[%clk 0:00:37]} 36. Qxc7+ {[%clk 0:01:26]} Ka6
{[%clk 0:01:06]} 37. Qc4+ {[%clk 0:01:40]} Kb7 {[%clk 0:00:57]} 38. Re7+
{[%clk 0:01:55]} Kb8 {[%clk 0:00:58]} 39. Qc7+ {[%clk 0:02:13]} Ka8
{[%clk 0:01:12]} 40. Qa7# 1-0

[Event "IMP Mezczyzn do lat 20"]
[Site "Chotowa"]
[Date "2023.10.31"]
[Round "4.17"]
[White "Mikula, Maciej"]
[Black "Karas, Kacper"]
[Result "1-0"]
[BlackElo "1445"]
[WhiteElo "1936"]
[LiveChessVersion "1.4.8"]

1. e4 {[%clk 1:30:32]} c5 {[%clk 1:30:50]} 2. Nf3 {[%clk 1:29:03]} d6
{[%clk 1:31:03]} 3. d3 {[%clk 1:29:18]} Nc6 {[%clk 1:31:04]} 4. g3
{[%clk 1:29:39]} g6 {[%clk 1:31:28]} 5. Bg2 {[%clk 1:30:04]} Bg7 {[%clk 1:31:53]}
6. O-O {[%clk 1:30:27]} e5 {[%clk 1:32:04]} 7. Re1 {[%clk 1:30:25]} Nge7
{[%clk 1:32:23]} 8. c3 {[%clk 1:30:29]} O-O {[%clk 1:32:34]} 9. Nbd2
{[%clk 1:30:53]} h6 {[%clk 1:32:40]} 10. a4 {[%clk 1:29:49]} Be6 {[%clk 1:30:34]}
11. h4 {[%clk 1:27:36]} f5 {[%clk 1:29:32]} 12. Rb1 {[%clk 1:15:26]} Ba2
{[%clk 1:26:09]} 13. Ra1 {[%clk 1:15:53]} Be6 {[%clk 1:26:26]} 14. d4
{[%clk 0:59:11]} exd4 {[%clk 1:18:01]} 15. cxd4 {[%clk 0:58:55]} Nxd4
{[%clk 1:16:49]} 16. Nxd4 {[%clk 0:59:13]} Bxd4 {[%clk 1:13:44]} 17. exf5
{[%clk 0:59:35]} Bxf5 {[%clk 1:14:05]} 18. Nf3 {[%clk 0:52:05]} Bg7
{[%clk 0:47:36]} 19. Qb3+ {[%clk 0:50:08]} d5 {[%clk 0:31:39]} 20. Qxb7
{[%clk 0:43:19]} Be4 {[%clk 0:30:02]} 21. Bf4 {[%clk 0:41:08]} Rxf4
{[%clk 0:19:24]} 22. gxf4 {[%clk 0:40:22]} Rb8 {[%clk 0:19:30]} 23. Qxa7
{[%clk 0:38:40]} Bxb2 {[%clk 0:19:01]} 24. Rad1 {[%clk 0:38:01]} Nc6
{[%clk 0:00:42]} 25. Qxc5 {[%clk 0:36:09]} Qc8 {[%clk 0:00:42]} 26. Ne5
{[%clk 0:31:54]} Bxe5 {[%clk 0:00:39]} 27. Rxe4 {[%clk 0:23:49]} dxe4
{[%clk 0:00:36]} 28. Qd5+ {[%clk 0:24:13]} Kf8 {[%clk 0:00:31]} 29. fxe5
{[%clk 0:22:28]} Ne7 {[%clk 0:00:32]} 30. Qxe4 {[%clk 0:22:37]} Qc5 1-0

[Event "IMP Mezczyzn do lat 20"]
[Site "Chotowa"]
[Date "2023.10.31"]
[Round "4.18"]
[White "Lis, Maksymilian"]
[Black "Boryna, Szymon"]
[Result "1-0"]
[BlackElo "1463"]
[WhiteElo "1937"]
[LiveChessVersion "1.4.8"]

1. d4 d5 {[%clk 1:30:22]} 2. c4 {[%clk 1:30:38]} e6 {[%clk 1:30:44]} 3. Nf3
{[%clk 1:30:47]} Nf6 {[%clk 1:31:03]} 4. Nc3 {[%clk 1:31:07]} Be7
{[%clk 1:31:25]} 5. Bf4 {[%clk 1:30:25]} O-O {[%clk 1:31:18]} 6. e3
{[%clk 1:30:42]} b6 {[%clk 1:31:33]} 7. Bd3 {[%clk 1:31:03]} Bb7 {[%clk 1:31:01]}
8. cxd5 {[%clk 1:31:24]} Nxd5 {[%clk 1:31:03]} 9. Nxd5 {[%clk 1:31:48]} exd5
{[%clk 1:31:25]} 10. O-O {[%clk 1:30:54]} Nd7 {[%clk 1:30:12]} 11. Qc2
{[%clk 1:31:08]} Nf6 {[%clk 1:24:44]} 12. Bxc7 {[%clk 1:30:29]} Qe8
{[%clk 1:24:17]} 13. Bg3 {[%clk 1:30:19]} Rc8 {[%clk 1:22:25]} 14. Qb3
{[%clk 1:30:29]} Bc6 {[%clk 1:20:27]} 15. a4 {[%clk 1:26:44]} Nh5
{[%clk 1:14:49]} 16. Be5 {[%clk 1:26:29]} f6 {[%clk 1:11:56]} 17. Bg3
{[%clk 1:26:37]} Nxg3 {[%clk 1:09:16]} 18. hxg3 {[%clk 1:27:02]} Kh8
{[%clk 1:04:22]} 19. Rfc1 {[%clk 1:26:02]} Qd7 {[%clk 0:54:41]} 20. Ne1
{[%clk 1:25:59]} Bxa4 {[%clk 0:51:18]} 21. Qa2 {[%clk 1:26:27]} Rxc1
{[%clk 0:46:21]} 22. Rxc1 {[%clk 1:26:53]} Bc6 {[%clk 0:45:37]} 23. Qb1
{[%clk 1:25:59]} g6 {[%clk 0:41:33]} 24. Qc2 {[%clk 1:26:25]} Ba8
{[%clk 0:30:31]} 25. Qc7 {[%clk 1:26:35]} Qxc7 {[%clk 0:30:22]} 26. Rxc7
{[%clk 1:26:59]} Bb4 {[%clk 0:30:49]} 27. Nc2 {[%clk 1:27:23]} a5
{[%clk 0:31:03]} 28. Nxb4 {[%clk 1:27:07]} axb4 {[%clk 0:31:27]} 29. Rd7
{[%clk 1:26:53]} f5 {[%clk 0:14:42]} 30. Ba6 {[%clk 1:26:26]} Bc6
{[%clk 0:09:30]} 31. Rd6 {[%clk 1:26:32]} Ra8 {[%clk 0:09:55]} 32. Rxc6
{[%clk 1:26:20]} Rxa6 {[%clk 0:10:20]} 33. Rd6 {[%clk 1:25:41]} Ra1+
{[%clk 0:10:41]} 34. Kh2 {[%clk 1:26:07]} Rb1 {[%clk 0:11:07]} 35. Rxd5
{[%clk 1:26:27]} Rxb2 {[%clk 0:11:36]} 36. Rb5 {[%clk 1:24:32]} b3
{[%clk 0:10:01]} 37. Rxb6 {[%clk 1:24:51]} Rb1 {[%clk 0:10:22]} 38. Rb7
{[%clk 1:24:17]} b2 {[%clk 0:10:34]} 39. g4 {[%clk 1:24:24]} f4 {[%clk 0:08:31]}
40. exf4 {[%clk 1:53:43]} Rd1 {[%clk 0:38:50]} 41. Rxb2 {[%clk 1:54:09]} Rxd4
{[%clk 0:39:06]} 42. Kg3 {[%clk 1:54:37]} Rd7 {[%clk 0:37:57]} 43. f5
{[%clk 1:54:29]} gxf5 {[%clk 0:38:12]} 44. gxf5 {[%clk 1:54:54]} Kg7
{[%clk 0:38:37]} 45. Kf4 {[%clk 1:55:05]} Ra7 {[%clk 0:36:13]} 46. g4
{[%clk 1:53:48]} Rc7 {[%clk 0:36:11]} 47. g5 {[%clk 1:53:39]} Ra7
{[%clk 0:36:31]} 48. Kg4 {[%clk 1:52:58]} Ra4+ {[%clk 0:33:29]} 49. f4
{[%clk 1:53:23]} Ra1 {[%clk 0:33:49]} 50. Rb7+ {[%clk 1:53:46]} Kg8
{[%clk 0:34:14]} 51. f6 {[%clk 1:54:10]} Ra5 {[%clk 0:34:21]} 52. Rg7+
{[%clk 1:53:48]} Kh8 {[%clk 0:34:45]} 53. Re7 {[%clk 1:54:05]} Kg8
{[%clk 0:35:07]} 54. Re5 {[%clk 1:54:30]} Ra8 {[%clk 0:35:29]} 55. Kf5
{[%clk 1:54:53]} Kf8 {[%clk 0:35:46]} 56. Rd5 {[%clk 1:54:41]} Re8
{[%clk 0:36:09]} 57. g6 {[%clk 1:52:49]} hxg6+ {[%clk 0:36:19]} 58. Kxg6
{[%clk 1:53:14]} Ra8 {[%clk 0:36:41]} 59. Rh5 {[%clk 1:53:38]} 1-0

[Event "IMP Mezczyzn do lat 20"]
[Site "Chotowa"]
[Date "2023.10.31"]
[Round "5.1"]
[White "Kacprzak, Karol"]
[Black "Koziorowicz, Michal"]
[Result "0-1"]
[BlackElo "2288"]
[WhiteElo "2317"]
[LiveChessVersion "1.4.8"]

1. e4 {[%clk 1:28:22]} e6 {[%clk 1:30:14]} 2. d4 {[%clk 1:27:26]} d5
{[%clk 1:30:34]} 3. Nc3 {[%clk 1:27:37]} Nf6 {[%clk 1:30:19]} 4. Bg5
{[%clk 1:27:21]} Be7 {[%clk 1:28:44]} 5. e5 {[%clk 1:27:27]} Nfd7
{[%clk 1:28:55]} 6. h4 {[%clk 1:27:45]} h6 {[%clk 1:26:28]} 7. Bxe7
{[%clk 1:26:36]} Qxe7 {[%clk 1:26:52]} 8. Qg4 {[%clk 1:20:51]} O-O
{[%clk 1:25:59]} 9. Nf3 {[%clk 1:09:09]} c5 {[%clk 1:24:00]} 10. O-O-O
{[%clk 1:06:05]} cxd4 {[%clk 1:18:57]} 11. Qxd4 {[%clk 0:52:59]} Nc6
{[%clk 1:16:54]} 12. Qe3 {[%clk 0:52:57]} a6 {[%clk 1:14:38]} 13. Bd3
{[%clk 0:52:28]} b5 {[%clk 1:10:15]} 14. Rhe1 {[%clk 0:38:02]} Bb7
{[%clk 1:09:05]} 15. Kb1 {[%clk 0:38:27]} Rac8 {[%clk 0:58:07]} 16. h5
{[%clk 0:34:22]} Nc5 {[%clk 0:52:37]} 17. Ne2 {[%clk 0:25:23]} Na4
{[%clk 0:51:23]} 18. Ned4 {[%clk 0:24:28]} Na5 {[%clk 0:47:37]} 19. c3
{[%clk 0:18:05]} b4 {[%clk 0:43:53]} 20. cxb4 {[%clk 0:17:20]} Qxb4
{[%clk 0:40:02]} 21. Qd2 {[%clk 0:15:33]} Qb6 {[%clk 0:39:55]} 22. Ka1
{[%clk 0:12:09]} Nc4 {[%clk 0:39:16]} 23. Bxc4 {[%clk 0:12:37]} dxc4
{[%clk 0:39:39]} 24. Qc2 {[%clk 0:13:00]} Nc5 {[%clk 0:38:56]} 25. Qxc4
{[%clk 0:07:27]} Bd5 {[%clk 0:38:47]} 26. Qe2 {[%clk 0:07:56]} Qa5
{[%clk 0:38:36]} 27. a3 {[%clk 0:06:37]} Qa4 {[%clk 0:37:38]} 28. Qe3
{[%clk 0:05:57]} Rb8 {[%clk 0:36:09]} 29. Rc1 {[%clk 0:05:28]} Nb3+
{[%clk 0:19:32]} 30. Nxb3 {[%clk 0:05:51]} Rxb3 {[%clk 0:19:59]} 31. Rc3
{[%clk 0:06:03]} Rfb8 {[%clk 0:20:01]} 32. Rxb3 {[%clk 0:06:11]} Rxb3
{[%clk 0:20:16]} 33. Qd4 {[%clk 0:06:36]} Qxd4 {[%clk 0:19:04]} 34. Nxd4
{[%clk 0:07:04]} Rd3 {[%clk 0:19:26]} 35. Ne2 {[%clk 0:07:29]} Rd2
{[%clk 0:19:27]} 36. f3 {[%clk 0:06:57]} g5 {[%clk 0:16:49]} 37. hxg6
{[%clk 0:06:19]} fxg6 {[%clk 0:17:06]} 38. Nf4 {[%clk 0:03:24]} Bb3
{[%clk 0:16:59]} 39. Nxg6 {[%clk 0:02:06]} Rxg2 {[%clk 0:17:18]} 40. Nf4
{[%clk 0:31:36]} Rf2 41. Nh5 {[%clk 0:21:27]} Rxf3 {[%clk 0:46:10]} 42. Kb1
{[%clk 0:20:19]} a5 {[%clk 0:43:06]} 43. a4 {[%clk 0:16:17]} Bxa4
{[%clk 0:41:30]} 44. Ka2 {[%clk 0:14:48]} Kf7 {[%clk 0:40:15]} 45. Nf6
{[%clk 0:13:58]} Bb3+ {[%clk 0:39:28]} 46. Ka3 {[%clk 0:14:10]} Bc2+
{[%clk 0:39:46]} 47. Ka2 {[%clk 0:14:32]} Rf4 {[%clk 0:39:58]} 48. b3
{[%clk 0:14:39]} Rf3 {[%clk 0:40:18]} 49. Rh1 {[%clk 0:14:05]} Kg6
{[%clk 0:38:38]} 50. Ng4 {[%clk 0:10:54]} h5 {[%clk 0:38:57]} 51. Nf6
{[%clk 0:11:17]} Bxb3+ {[%clk 0:38:35]} 52. Kb2 {[%clk 0:11:38]} a4
{[%clk 0:38:12]} 53. Rxh5 {[%clk 0:09:25]} a3+ {[%clk 0:32:51]} 0-1

[Event "IMP Mezczyzn do lat 20"]
[Site "Chotowa"]
[Date "2023.10.31"]
[Round "5.3"]
[White "Dziewonski, Dariusz"]
[Black "Turski, Bartlomiej"]
[Result "1/2-1/2"]
[BlackElo "2334"]
[WhiteElo "2218"]
[LiveChessVersion "1.4.8"]

1. e4 {[%clk 1:30:57]} c5 {[%clk 1:29:13]} 2. Nf3 {[%clk 1:31:21]} Nc6
{[%clk 1:29:39]} 3. Bb5 {[%clk 1:31:47]} e6 {[%clk 1:29:46]} 4. Bxc6
{[%clk 1:30:12]} bxc6 {[%clk 1:30:10]} 5. b3 {[%clk 1:29:11]} f6 {[%clk 1:30:13]}
6. O-O {[%clk 1:27:28]} Nh6 {[%clk 1:30:12]} 7. d4 {[%clk 1:20:05]} Nf7
{[%clk 1:30:36]} 8. Ba3 {[%clk 1:15:53]} cxd4 {[%clk 1:31:00]} 9. Bxf8
{[%clk 1:15:35]} Kxf8 {[%clk 1:27:53]} 10. Qxd4 {[%clk 1:14:42]} e5
{[%clk 1:28:14]} 11. Qc5+ {[%clk 1:10:41]} Qe7 {[%clk 1:26:11]} 12. Qxe7+
{[%clk 1:11:05]} Kxe7 {[%clk 1:26:37]} 13. c4 {[%clk 1:10:30]} Nd8
{[%clk 1:20:16]} 14. Nc3 {[%clk 1:09:24]} Ne6 {[%clk 1:20:19]} 15. Rfd1
{[%clk 1:07:44]} Ba6 {[%clk 1:12:13]} 16. Rd2 {[%clk 1:01:10]} d6
{[%clk 1:07:40]} 17. Rad1 {[%clk 0:59:26]} Rhd8 {[%clk 1:05:45]} 18. Ne1
{[%clk 0:55:56]} Nd4 {[%clk 1:00:30]} 19. Nc2 {[%clk 0:52:45]} c5
{[%clk 0:57:07]} 20. f4 {[%clk 0:50:35]} Bb7 {[%clk 0:54:57]} 21. fxe5
{[%clk 0:48:56]} dxe5 {[%clk 0:53:00]} 22. Ne3 {[%clk 0:46:46]} Bc6
{[%clk 0:51:57]} 23. Ned5+ {[%clk 0:38:05]} Kd6 {[%clk 0:49:51]} 24. Rb2
{[%clk 0:33:15]} Rab8 {[%clk 0:48:16]} 25. Rdb1 {[%clk 0:31:11]} Rb7
{[%clk 0:43:30]} 26. a3 {[%clk 0:29:48]} Rc8 {[%clk 0:32:40]} 27. b4
{[%clk 0:24:45]} Rcb8 {[%clk 0:23:18]} 28. b5 {[%clk 0:22:28]} Bxd5
{[%clk 0:22:48]} 29. Nxd5 {[%clk 0:22:27]} Ke6 {[%clk 0:19:49]} 30. a4
{[%clk 0:19:19]} Nc6 {[%clk 0:18:31]} 1/2-1/2

[Event "IMP Mezczyzn do lat 20"]
[Site "Chotowa"]
[Date "2023.10.31"]
[Round "5.4"]
[White "Rog, Bartlomiej"]
[Black "Sowinski, Pawel"]
[Result "1/2-1/2"]
[BlackElo "2322"]
[WhiteElo "2168"]
[LiveChessVersion "1.4.8"]

1. e4 {[%clk 1:30:57]} c5 {[%clk 1:29:07]} 2. Nc3 {[%clk 1:31:12]} e6
{[%clk 1:29:34]} 3. Nf3 {[%clk 1:31:34]} Nc6 {[%clk 1:30:01]} 4. Bb5
{[%clk 1:31:56]} Nd4 {[%clk 1:22:19]} 5. Bd3 {[%clk 1:32:11]} Nxf3+
{[%clk 1:18:24]} 6. Qxf3 {[%clk 1:32:31]} d6 {[%clk 1:18:37]} 7. b3
{[%clk 1:31:53]} Nf6 {[%clk 1:15:17]} 8. Bb2 {[%clk 1:31:56]} e5 {[%clk 1:15:07]}
9. Bc4 {[%clk 1:29:48]} Be7 {[%clk 1:15:29]} 10. Nd5 {[%clk 1:27:31]} O-O
{[%clk 1:15:39]} 11. O-O {[%clk 1:23:17]} Be6 {[%clk 1:15:14]} 12. Ne3
{[%clk 1:16:52]} Ne8 {[%clk 0:59:46]} 13. c3 {[%clk 1:13:03]} Bg5
{[%clk 0:57:34]} 14. Bxe6 {[%clk 1:04:54]} fxe6 {[%clk 0:57:56]} 15. Qh3
{[%clk 1:05:16]} Qe7 {[%clk 0:44:35]} 16. d4 {[%clk 1:04:32]} Nf6
{[%clk 0:43:23]} 17. dxe5 {[%clk 1:02:28]} dxe5 {[%clk 0:43:45]} 18. c4
{[%clk 1:01:52]} Bf4 {[%clk 0:37:34]} 19. Ng4 {[%clk 1:00:02]} Nxe4
{[%clk 0:34:15]} 20. g3 {[%clk 0:42:51]} Bg5 {[%clk 0:31:51]} 21. Nxe5
{[%clk 0:43:06]} Bf6 {[%clk 0:27:47]} 22. f4 {[%clk 0:43:23]} Rad8
{[%clk 0:26:36]} 23. Rfd1 {[%clk 0:43:03]} Nd6 {[%clk 0:25:17]} 24. Rd3
{[%clk 0:41:06]} Nf7 {[%clk 0:17:53]} 25. Rxd8 {[%clk 0:22:19]} Rxd8
{[%clk 0:18:17]} 26. Nxf7 {[%clk 0:20:08]} Qxf7 {[%clk 0:18:39]} 27. Bxf6
{[%clk 0:19:15]} Qxf6 {[%clk 0:19:07]} 28. Re1 {[%clk 0:19:35]} Rd2
{[%clk 0:18:17]} 29. Qxe6+ {[%clk 0:19:59]} Qxe6 {[%clk 0:18:44]} 30. Rxe6
{[%clk 0:20:20]} Rxa2 {[%clk 0:19:11]} 31. Re7 {[%clk 0:20:43]} b6
{[%clk 0:19:37]} 32. f5 {[%clk 0:18:31]} h5 {[%clk 0:17:22]} 33. Rb7
{[%clk 0:18:46]} Kf8 {[%clk 0:17:42]} 34. h3 {[%clk 0:12:59]} Kg8
{[%clk 0:11:36]} 35. Kf1 {[%clk 0:12:41]} h4 {[%clk 0:10:17]} 36. gxh4
{[%clk 0:12:42]} Rh2 {[%clk 0:09:44]} 37. Rxa7 {[%clk 0:13:08]} Rxh3
{[%clk 0:10:10]} 38. Rb7 {[%clk 0:13:26]} Rxb3 {[%clk 0:10:31]} 39. Kg2
{[%clk 0:13:45]} Rb4 {[%clk 0:09:49]} 40. Kg3 {[%clk 0:43:25]} Rxc4
{[%clk 0:39:43]} 41. Rxb6 {[%clk 0:43:48]} Rc1 {[%clk 0:39:55]} 42. f6
{[%clk 0:41:23]} gxf6 {[%clk 0:39:55]} 1/2-1/2